Normal view MARC view

Entry Personal Name

Number of records used in: 1

001 - CONTROL NUMBER

  • control field: 40764

003 - CONTROL NUMBER IDENTIFIER

  • control field: dpl

005 - DATE AND TIME OF LATEST TRANSACTION

  • control field: 20120204101659.0

008 - FIXED-LENGTH DATA ELEMENTS

  • fixed length control field: 120204|||a|||||| | ||| d

040 ## - CATALOGING SOURCE

  • Original cataloging agency: dpl
  • Transcribing agency: dpl

100 ## - HEADING--PERSONAL NAME

  • Personal name: चड्ढा, सविता

670 ## - SOURCE DATA FOUND

  • Source citation: Work cat.: (dpl): चड्ढा, सविता, हिन्दी पत्रकारिता दूरदर्शन और टेलीफिल्में /, 2000

670 ## - SOURCE DATA FOUND

  • Source citation: Work cat.: (dpl): चड्ढा, सविता, हिन्दी पत्रकारिता दूरदर्शन और टेलीफिल्में /, 2000

© Delhi Public Library
Hit Counter
free hit counter